| 000 | 00673nam a2200217Ia 4500 | ||
|---|---|---|---|
| 005 | 20250508164200.0 | ||
| 008 | 008 250505s9999 xx 000 0 eng d | ||
| 020 | _a0-7619-9708-3 | ||
| 037 | _aTextual | ||
| 040 |
_aFEDL _beng _cFEDL |
||
| 041 |
_aeng _2eng |
||
| 084 |
_a302.224 4, KOT _qFEDL |
||
| 100 |
_aKothari Brij Ed. _9777324 |
||
| 245 | 0 | _aReading beyond the alphabet: Innovations in lifelong literacy | |
| 260 |
_aNew Delhi, India _bSage Publications _c2003 |
||
| 300 | _a282p. | ||
| 365 |
_aINR _b350 |
||
| 700 |
_a Vijay Sherry Chand PG Ed. Norton Michael Ed. _9777614 |
||
| 942 |
_cTEXL _h302.224 4, KOT |
||
| 999 |
_c1387462 _d1387462 |
||